| 000 | 00702nam a22002537a 4500 | ||
|---|---|---|---|
| 003 | UA-OsUOA | ||
| 001 | 126350 | ||
| 007 | ta | ||
| 008 | 20171017b un ||||| |||| 00| 0 ukr d | ||
| 100 | _aМандела Н. | ||
| 090 |
_a82-94(680) _bМ23 |
||
| 942 | _cBK | ||
| 040 |
_aUA-OsUOA _bukr _cUA-OsUOA _dUA-OsUOA |
||
| 245 |
_aДовгий шлях до свободи _bавтобіографія |
||
| 300 | _a568 с. | ||
| 955 | _a3 | ||
| 041 | _aukr | ||
| 080 | _a82-94(680) | ||
| 020 | _a978-966-97425-6-8 | ||
| 260 |
_aК. _bНаш Формат _c2017 |
||
| 250 | _n2-ге видання | ||
| 650 | 7 |
_a82 Література. Літературознавство _2UDC |
|
| 999 |
_c414745 _d414745 |
||